Un concepto humanista de Universidad
Salvato in:
| Autore principale: | |
|---|---|
| Natura: | Libro |
| Lingua: | spagnolo |
| Pubblicazione: |
Santiago
CPU
1987
|
| Serie: | Documento de trabajo, 10
|
| Soggetti: | |
| Tags: |
Aggiungi Tag
Nessun Tag, puoi essere il primo ad aggiungerne!!
|
MARC
| LEADER | 00000nam a2200000 a 4500 | ||
|---|---|---|---|
| 001 | UCW5859 | ||
| 003 | CL-VaPUC | ||
| 008 | 910816e19870000CL |||||||||||||||||spa|d | ||
| 082 | 0 | 4 | |a 378.001 |b MAY |2 21 |
| 100 | |a Mayorga Lorca, Roberto |e autor |9 493944 | ||
| 245 | 1 | 3 | |a Un concepto humanista de Universidad |
| 300 | |a 31 h | ||
| 942 | |c BK | ||
| 945 | |d 19910816 00:00:00 | ||
| 260 | |a Santiago |b CPU |c 1987 | ||
| 650 | 0 | |a Educación superior |9 223851 | |
| 650 | 0 | |a Aspectos filosóficos |9 265456 | |
| 650 | 0 | |a Filosofía de la educación |9 258384 | |
| 583 | |a last modification |c 20170727 04:30:30 |k Rodrigo Vera | ||
| 490 | 0 | |a Documento de trabajo, 10 | |
| 999 | |c 219171 |d 219169 | ||
| 952 | |0 0 |1 0 |4 0 |6 378_001000000000000_MAY_1987 |7 0 |8 P |9 209758 |a BIBEDU |b BIBEDU |c BIBEDU_PB |d 2019-11-15 |i 2776391 |o 378.001 MAY 1987 |p 2776391 |r 2024-01-25 |w 2019-11-15 |y BK |k EDU | ||
| 952 | |0 0 |1 0 |4 0 |6 378_001000000000000_MAY_1987 |7 0 |8 P |9 209759 |a BIBEDU |b BIBEDU |c BIBEDU_PB |d 2019-11-15 |i 2776405 |o 378.001 MAY 1987 |p 2776405 |r 2024-01-25 |w 2019-11-15 |y BK |k EDU | ||
| 952 | |0 0 |1 0 |4 0 |6 378_001000000000000_MAY_1987 |7 0 |8 P |9 209760 |a BIBEDU |b BIBEDU |c BIBEDU_PB |d 2019-11-15 |i 2736039 |o 378.001 MAY 1987 |p 2736039 |r 2024-01-25 |w 2019-11-15 |y BK |k EDU | ||